Autoría y dominio del hecho en Derecho Penal
Bewaard in:
| Hoofdauteur: | |
|---|---|
| Formaat: | Boek |
| Taal: | Spaans |
| Gepubliceerd in: |
Madrid
Marcial Pons
2016
Santiago Metropolitana 2016 |
| Editie: | 1a. ed |
| Onderwerpen: | |
| Tags: |
Voeg label toe
Geen labels, Wees de eerste die dit record labelt!
|
MARC
| LEADER | 00000cam a2200000 a 4500 | ||
|---|---|---|---|
| 001 | UCD9054 | ||
| 003 | CL-VaPUC | ||
| 008 | 170602e20160000sp |||||||||||||||||spa|d | ||
| 020 | |a 9788491231615 | ||
| 082 | 0 | 4 | |a 345.4604 |b ROX |2 21 |
| 100 | 0 | |a Roxin, Claus |e author |9 351 | |
| 245 | 1 | 0 | |a Autoría y dominio del hecho en Derecho Penal |
| 250 | |a 1a. ed | ||
| 300 | |a 797 p | ||
| 942 | |c BK | ||
| 945 | |d 20170602 23:29:00 |a dcastane | ||
| 260 | |a Madrid |b Marcial Pons |c 2016 | ||
| 260 | |a Santiago |b Metropolitana |c 2016 | ||
| 650 | 7 | |a DERECHO PENAL |2 CL-VaPUC |9 11 | |
| 650 | 0 | |a Responsabilidad penal |9 254899 | |
| 583 | |a last modification |c 20170602 23:29:00 |k Rodrigo Vera | ||
| 999 | |c 368352 |d 368350 | ||
| 952 | |0 0 |1 0 |3 erb |4 0 |6 345_460400000000000_ROX_2016_2016 |7 0 |8 A |9 483641 |a BIBDER |b BIBDER |i 5394198 |l 9 |o 345.4604 ROX 2016 2016 |p 5394198 |r 2024-07-18 |s 2024-07-18 |w 2019-11-24 |y BK |z Catalogado en:20170602 |k DER | ||